| 000 | 00788cam a2200217 4500 | ||
|---|---|---|---|
| 001 | WB36433-06 | ||
| 008 | 000000n2000 000 0 eng u | ||
| 035 | _a(Sirsi) u109124 | ||
| 245 | _aHousebuilding: September 2000 | ||
| 260 | _c2000 | ||
| 490 |
_aDETR News Release _v(HB-11) 2 November 2000, (1) |
||
| 520 | _aLatest provisional estimates from the DETR show that in September 2000, 14,100 dwellings were started compared with 14,800 in September 1999. Also lists figures for completions and gives seasonally adjusted comparisons. | ||
| 590 | _aWB | ||
| 650 | _aHOUSE BUILDING | ||
| 650 | _aNEW HOUSES | ||
| 650 | _aREGISTERED SOCIAL LANDLORDS | ||
| 650 | _aHOUSING ASSOCIATIONS | ||
| 650 | _aSTATISTICS | ||
| 690 | _aBUILT ENVIRONMENT-CONSTRUCTION MARKET | ||
| 942 | _n0 | ||
| 999 |
_c65157 _d65157 |
||